<?xml version="1.0" encoding="UTF-8"?>
<record
    xmlns:xsi="http://www.w3.org/2001/XMLSchema-instance"
    xsi:schemaLocation="http://www.loc.gov/MARC21/slim http://www.loc.gov/standards/marcxml/schema/MARC21slim.xsd"
    xmlns="http://www.loc.gov/MARC21/slim">

  <leader>01066nam a22002177a 4500</leader>
  <controlfield tag="003">BD-DhUL</controlfield>
  <controlfield tag="005">20190616113148.0</controlfield>
  <controlfield tag="008">190616s2018    bg a|||| |||| 00| 0 ben  </controlfield>
  <datafield tag="020" ind1=" " ind2=" ">
    <subfield code="a">9845603032</subfield>
  </datafield>
  <datafield tag="040" ind1=" " ind2=" ">
    <subfield code="a">BD-DhUL</subfield>
    <subfield code="c">BD-DhUL</subfield>
  </datafield>
  <datafield tag="082" ind1=" " ind2=" ">
    <subfield code="a">954.14</subfield>
    <subfield code="b">INB</subfield>
  </datafield>
  <datafield tag="100" ind1=" " ind2="1">
    <subfield code="a">&#x987;&#x9A8;&#x9BE;&#x9AE;-&#x989;&#x9B2;-&#x9B9;&#x995;, &#x9AE;&#x9C1;&#x9B9;&#x9BE;&#x9AE;&#x9CD;&#x9AE;&#x9A6; &#x964;</subfield>
  </datafield>
  <datafield tag="245" ind1="1" ind2="0">
    <subfield code="a">&#x9AC;&#x9BE;&#x982;&#x9B2;&#x9BE;&#x9B0; &#x987;&#x9A4;&#x9BF;&#x9B9;&#x9BE;&#x9B8; : &#x9AD;&#x9BE;&#x9B0;&#x9A4;&#x9C7; &#x987;&#x982;&#x9B0;&#x9C7;&#x99C; &#x9B0;&#x9BE;&#x99C;&#x9A4;&#x9CD;&#x9AC;&#x9C7;&#x9B0; &#x9B8;&#x9C2;&#x99A;&#x9A8;&#x9BE;&#x9AA;&#x9B0;&#x9CD;&#x9AC; (&#x9E7;&#x9EC;&#x9EE;&#x9EF;-&#x9E7;&#x9ED;&#x9E8;&#x9E6;) /</subfield>
    <subfield code="b">&#x9AE;&#x9C1;&#x9B9;&#x9BE;&#x9AE;&#x9CD;&#x9AE;&#x9A6; &#x987;&#x9A8;&#x9BE;&#x9AE;-&#x989;&#x9B2;-&#x9B9;&#x995; &#x964;</subfield>
  </datafield>
  <datafield tag="260" ind1=" " ind2=" ">
    <subfield code="a">&#x9A2;&#x9BE;&#x995;&#x9BE; :</subfield>
    <subfield code="b">&#x99C;&#x9BE;&#x9A4;&#x9C0;&#x9AF;&#x9BC; &#x997;&#x9CD;&#x9B0;&#x9A8;&#x9CD;&#x9A5; &#x9AA;&#x9CD;&#x9B0;&#x995;&#x9BE;&#x9B6;&#x9A8;,</subfield>
    <subfield code="c">2018 .</subfield>
  </datafield>
  <datafield tag="300" ind1=" " ind2=" ">
    <subfield code="a">&#x9E8;&#x9E7;&#x9EB; &#x9AA;&#x9C3;. : </subfield>
    <subfield code="b">&#x99A;&#x9BF;&#x9A4;&#x9CD;&#x9B0; ; </subfield>
    <subfield code="c">&#x9E8;&#x9E8; &#x9B8;&#x9C7;&#x9AE;&#x9BF;.&#x964;</subfield>
  </datafield>
  <datafield tag="365" ind1=" " ind2=" ">
    <subfield code="a">BDT</subfield>
    <subfield code="b">400</subfield>
  </datafield>
  <datafield tag="504" ind1=" " ind2=" ">
    <subfield code="a">&#x997;&#x9CD;&#x9B0;&#x9A8;&#x9CD;&#x9A5;&#x9AA;&#x99E;&#x9CD;&#x99C;&#x9BF; : &#x9AA;&#x9C3;. &#x9E7;&#x9EF;&#x9EA; - &#x9E8;&#x9E6;&#x9E6;
&#x997;&#x9CD;&#x9B0;&#x9A8;&#x9CD;&#x9A5;&#x9AA;&#x99E;&#x9CD;&#x99C;&#x9BF;&#x997;&#x9A4; &#x9A4;&#x9A5;&#x9CD;&#x9AF; &#x993; &#x9A8;&#x9BF;&#x9B0;&#x9CD;&#x998;&#x9A8;&#x9CD;&#x99F; &#x9B8;&#x982;&#x9AC;&#x9B2;&#x9BF;&#x9A4; &#x964;</subfield>
  </datafield>
  <datafield tag="650" ind1=" " ind2="0">
    <subfield code="a"> </subfield>
    <subfield code="z">&#x9AD;&#x9BE;&#x9B0;&#x9A4;&#x9AC;&#x9B0;&#x9CD;&#x9B7;  </subfield>
    <subfield code="x">&#x987; &#x9A4;&#x9BF;&#x9B9;&#x9BE;&#x9B8;</subfield>
  </datafield>
  <datafield tag="650" ind1=" " ind2="0">
    <subfield code="z">India</subfield>
    <subfield code="x">History</subfield>
  </datafield>
  <datafield tag="942" ind1=" " ind2=" ">
    <subfield code="2">ddc</subfield>
    <subfield code="c">BK</subfield>
  </datafield>
  <datafield tag="999" ind1=" " ind2=" ">
    <subfield code="c">248409</subfield>
    <subfield code="d">248409</subfield>
  </datafield>
  <datafield tag="952" ind1=" " ind2=" ">
    <subfield code="0">0</subfield>
    <subfield code="1">0</subfield>
    <subfield code="2">ddc</subfield>
    <subfield code="4">0</subfield>
    <subfield code="6">954_140000000000000_INB</subfield>
    <subfield code="7">0</subfield>
    <subfield code="8">NFIC</subfield>
    <subfield code="9">376793</subfield>
    <subfield code="a">DUL</subfield>
    <subfield code="b">DUL</subfield>
    <subfield code="c">GEN</subfield>
    <subfield code="d">2019-04-29</subfield>
    <subfield code="e">purchased</subfield>
    <subfield code="o">954.14 INB</subfield>
    <subfield code="p">507874</subfield>
    <subfield code="r">2019-06-16</subfield>
    <subfield code="t">1</subfield>
    <subfield code="w">2019-06-16</subfield>
    <subfield code="y">BK</subfield>
  </datafield>
  <datafield tag="952" ind1=" " ind2=" ">
    <subfield code="0">0</subfield>
    <subfield code="1">0</subfield>
    <subfield code="2">ddc</subfield>
    <subfield code="4">0</subfield>
    <subfield code="6">954_140000000000000_INB</subfield>
    <subfield code="7">0</subfield>
    <subfield code="8">NFIC</subfield>
    <subfield code="9">376794</subfield>
    <subfield code="a">DUL</subfield>
    <subfield code="b">DUL</subfield>
    <subfield code="c">GEN</subfield>
    <subfield code="d">2019-04-29</subfield>
    <subfield code="e">purchased</subfield>
    <subfield code="o">954.14 INB</subfield>
    <subfield code="p">507875</subfield>
    <subfield code="r">2019-06-16</subfield>
    <subfield code="t">2</subfield>
    <subfield code="w">2019-06-16</subfield>
    <subfield code="y">BK</subfield>
  </datafield>
</record>
